LEADER 00886nam0 2200313 450 001 9910259560403321 005 20180720105552.0 010 $a978-88-15-27063-4 100 $a20180306d2017----km y0itay50 ba 101 1 $aita$ceng 102 $aIT 105 $a 001yy 200 1 $aInternet delle cose$fSamuel Greengard 210 $aBologna$cil Mulino$d2017 215 $a147 p.$d21 cm 225 1 $aUniversale paperbacks$v714 454 0$12001$a<>internet of things$91509019 610 0 $aInternet$aEffetti sociali 676 $a303.4833$v22$zita 700 1$aGreengard,$bSamuel$0749626 801 0$aIT$bUNINA$gREICAT$2UNIMARC 901 $aBK 912 $a9910259560403321 952 $a303.4833 GRE 2$b4397$fBFS 952 $aCOLLEZ. 28 (714)$b1547/2018$fFSPBC 959 $aFSPBC 959 $aBFS 996 $aInternet of things$91509019 997 $aUNINA